00561nam a2200181Ia 450000500170000000800410001702000150005808200150007310000140008824500270010225000100012926000800013930000170021965000270023694200060026395200970026999900130036620240627070952.0240331s9999 xx 000 0 und d a0750626771 a004.6bCAR aCarter, R 0aInformation Technology a2 nd  aOxfordbA division of reed educational & Professional Publishing Ltdc1996 aix, 169 p ., ainformation technology cL 001040708LaWERCLbWERCLcSSCd2024-03-31l0o 004.6 CARp1828r2024-03-31w2024-03-31yL c633d633